Traité de zoologie concréte / (Record no. 52906)

MARC details
000 -LEADER
campo de control de longitud fija 01077nam a2200265 i 4500
001 - NÚMERO DE CONTROL
campo de control 52906
003 - IDENTIFICADOR DE NÚMERO DE CONTROL
campo de control ES-MaACL
005 - FECHA Y HORA DE LA ÚLTIMA TRANSACCIÓN
campo de control 20230906162651.0
007 - CAMPO FIJO DE DESCRIPCIÓN FÍSICA--INFORMACIÓN GENERAL
campo de control de longitud fija t|
008 - DATOS DE LONGITUD FIJA--INFORMACIÓN GENERAL
campo de control de longitud fija 030910m18961903fr ||||1| fre d
100 1# - ENTRADA PRINCIPAL--NOMBRE DE PERSONA
Nombre de persona Delage, Yves.
9 (RLIN) 43294
245 10 - MENCIÓN DEL TÍTULO
Título Traité de zoologie concréte /
Mención de responsabilidad, etc. par Yves Delage [et] Edgard Hérouard.
260 ## - PUBLICACIÓN, DISTRIBUCIÓN, ETC.
Lugar de publicación, distribución, etc. Paris :
Nombre del editor, distribuidor, etc. Schleicher Fréres,
Fecha de publicación, distribución, etc. 1896-1903 (
Fabricante Impr. Paul Schmidt)
300 ## - DESCRIPCIÓN FÍSICA
Extensión 5 t. en 6 v. :
Otras características físicas il. ;
Dimensiones 25 cm.
500 ## - NOTA GENERAL
Nota general Originalmente planeado para 9 v.: t. IV, VI, VII Y IX nunca publicados.
505 8# - NOTA DE CONTENIDO CON FORMATO
Nota de contenido con formato Contiene: T. I: La cellule et les protozoaires. -- T. II: 1ª parte: Mésozogires, spongiaires. -- T. II: 2ª parte: Les coelentéres. -- T. III: Les échinodermes. -- V: Les vermidiens. -- T. VIII: Les procordés
700 1# - ENTRADA AGREGADA--NOMBRE PERSONAL
Nombre de persona Hérouard, Edgar Joseph Emile.
9 (RLIN) 63130
740 3# - ENTRADA AGREGADA--TÍTULO RELACIONADO/ANALÍTICO NO CONTROLADO
Título relacionado o analítico no controlado La celulle et les protozoaires.
740 0# - ENTRADA AGREGADA--TÍTULO RELACIONADO/ANALÍTICO NO CONTROLADO
Título relacionado o analítico no controlado Mésozogires, spongiaires.
740 4# - ENTRADA AGREGADA--TÍTULO RELACIONADO/ANALÍTICO NO CONTROLADO
Título relacionado o analítico no controlado Les coelentérés.
740 4# - ENTRADA AGREGADA--TÍTULO RELACIONADO/ANALÍTICO NO CONTROLADO
Título relacionado o analítico no controlado Les échinodermes.
740 4# - ENTRADA AGREGADA--TÍTULO RELACIONADO/ANALÍTICO NO CONTROLADO
Título relacionado o analítico no controlado Les vermidiens.
740 4# - ENTRADA AGREGADA--TÍTULO RELACIONADO/ANALÍTICO NO CONTROLADO
Título relacionado o analítico no controlado Les procordés.
852 ## - LOCALIZACIÓN
Ubicación ES-MaACL
Número de control de estantería D-40-48
Holdings
Estatus retirado Estado de pérdida Estado de daño No para préstamo Colección Biblioteca de origen Biblioteca actual Ubicación en estantería Fecha de adquisición Fuente de adquisición Total de préstamos Signatura topográfica completa Código de barras Visto por última vez Precio de reemplazo Tipo de ítem Koha
        Libros del s. XIX Biblioteca del Ateneo de Madrid Biblioteca del Ateneo de Madrid Sala Valle Inclán 17/01/2008     D-40-48 901055599 23/02/2023 23/02/2023 Libro impreso antiguo